[Event "Scandicserien-2015/16"]
[Site "Oslo"]
[Date "2016.03.06"]
[Round "9.1"]
[White "Thingstad, Even"]
[Black "Tisdall, Jonathan D"]
[Result "0-1"]
[BlackElo "2423"]
[WhiteElo "2195"]
[WhiteTeam "Trondheim"]
[BlackTeam "Asker"]
[LiveChessVersion "1.4.6"]

1. d4 {[%clk 1:30:52]} Nf6 {[%clk 1:30:42]} 2. c4 {[%clk 1:31:08]} e6
{[%clk 1:31:05]} 3. Nc3 {[%clk 1:31:13]} Bb4 {[%clk 1:31:27]} 4. e3
{[%clk 1:31:00]} O-O {[%clk 1:28:41]} 5. Nge2 {[%clk 1:28:06]} Re8
{[%clk 1:26:46]} 6. a3 {[%clk 1:26:17]} Bf8 {[%clk 1:27:07]} 7. d5
{[%clk 1:16:12]} exd5 {[%clk 1:10:05]} 8. cxd5 {[%clk 1:10:07]} c5
{[%clk 1:10:10]} 9. Ng3 {[%clk 0:58:33]} d6 {[%clk 1:10:23]} 10. Be2
{[%clk 0:54:06]} Na6 {[%clk 1:06:48]} 11. h4 {[%clk 0:41:19]} Bd7
{[%clk 1:04:43]} 12. Rb1 {[%clk 0:33:38]} Rc8 {[%clk 1:02:25]} 13. b3
{[%clk 0:26:43]} b5 {[%clk 0:52:42]} 14. Bb2 {[%clk 0:24:41]} Nc7
{[%clk 0:52:47]} 15. b4 {[%clk 0:23:37]} cxb4 {[%clk 0:51:17]} 16. axb4
{[%clk 0:23:44]} a5 {[%clk 0:50:19]} 17. Bf3 {[%clk 0:16:51]} axb4
{[%clk 0:48:32]} 18. Nce2 {[%clk 0:17:08]} Ng4 {[%clk 0:44:34]} 19. Nf4
{[%clk 0:08:09]} Ne5 {[%clk 0:42:30]} 20. Be2 {[%clk 0:07:38]} Na6
{[%clk 0:36:49]} 21. Bd4 {[%clk 0:06:49]} Nc5 {[%clk 0:34:43]} 22. Rxb4
{[%clk 0:03:11]} Qa5 {[%clk 0:25:47]} 23. Qd2 {[%clk 0:03:23]} Nc4
{[%clk 0:24:28]} 24. Bxc4 {[%clk 0:02:43]} bxc4 {[%clk 0:24:53]} 25. Bc3
{[%clk 0:01:53]} Nd3+ {[%clk 0:14:27]} 26. Nxd3 {[%clk 0:01:21]} cxd3
{[%clk 0:14:55]} 27. O-O {[%clk 0:00:48]} Qxd5 {[%clk 0:15:14]} 28. Bd4
{[%clk 0:00:34]} Bb5 {[%clk 0:13:47]} 29. e4 {[%clk 0:00:39]} Qc6
{[%clk 0:12:48]} 30. Qg5 {[%clk 0:00:39]} Ba6 {[%clk 0:12:15]} 31. Nf5
{[%clk 0:00:36]} Re6 {[%clk 0:08:23]} 32. h5 {[%clk 0:00:34]} h6 {[%clk 0:07:13]}
33. Qg4 {[%clk 0:00:35]} Qxe4 {[%clk 0:05:33]} 34. Nxh6+ {[%clk 0:00:39]} Kh7
{[%clk 0:05:39]} 35. Qxe4+ {[%clk 0:00:36]} Rxe4 {[%clk 0:06:04]} 36. Nxf7
{[%clk 0:00:59]} Be7 {[%clk 0:06:23]} 37. Rd1 {[%clk 0:00:55]} Rf8
{[%clk 0:05:43]} 38. f3 {[%clk 0:00:37]} Rf4 {[%clk 0:05:42]} 39. Rb6
{[%clk 0:00:32]} R8xf7 {[%clk 0:05:38]} 40. Rxa6 {[%clk 0:00:37]} Rxd4
{[%clk 0:06:03]} 41. Ra3 {[%clk 0:01:04]} d2 {[%clk 0:06:21]} 42. Ra2
{[%clk 0:01:13]} Bg5 {[%clk 0:06:42]} 43. Kf2 {[%clk 0:01:34]} Re7
{[%clk 0:05:59]} 44. g3 {[%clk 0:01:40]} Be3+ {[%clk 0:06:17]} 45. Ke2
{[%clk 0:01:39]} Bf4+ {[%clk 0:05:08]} 46. Kf2 {[%clk 0:02:01]} Re1
{[%clk 0:04:42]} 47. Rxe1 {[%clk 0:02:08]} Bxg3+ {[%clk 0:05:03]} 0-1

[Event "Scandicserien-2015/16"]
[Site "Oslo"]
[Date "2016.03.06"]
[Round "9.2"]
[White "Sahl, Bjarke"]
[Black "Kolas, Tore"]
[Result "1-0"]
[BlackElo "2210"]
[WhiteElo "2348"]
[WhiteTeam "Asker"]
[BlackTeam "Trondheim"]
[LiveChessVersion "1.4.6"]

1. e4 {[%clk 1:30:56]} c5 {[%clk 1:30:10]} 2. c3 {[%clk 1:31:09]} Nf6
{[%clk 1:30:31]} 3. e5 {[%clk 1:31:04]} Nd5 {[%clk 1:30:53]} 4. d4
{[%clk 1:31:21]} cxd4 {[%clk 1:31:05]} 5. Nf3 {[%clk 1:31:30]} d6
{[%clk 1:29:25]} 6. cxd4 {[%clk 1:28:37]} Nc6 {[%clk 1:27:04]} 7. Bc4
{[%clk 1:21:27]} Nb6 {[%clk 1:18:48]} 8. Bb5 {[%clk 1:16:01]} dxe5
{[%clk 1:17:35]} 9. Nxe5 {[%clk 1:11:34]} Bd7 {[%clk 1:17:56]} 10. Nxd7
{[%clk 1:04:01]} Qxd7 {[%clk 1:18:10]} 11. Be3 {[%clk 0:59:43]} e6
{[%clk 1:04:54]} 12. O-O {[%clk 0:52:29]} Be7 {[%clk 1:02:50]} 13. Nc3
{[%clk 0:51:53]} O-O {[%clk 1:01:42]} 14. Qh5 {[%clk 0:45:22]} Rfd8
{[%clk 0:37:42]} 15. Rad1 {[%clk 0:43:51]} Nd5 {[%clk 0:30:38]} 16. Bc4
{[%clk 0:37:12]} Rac8 {[%clk 0:24:41]} 17. Nxd5 {[%clk 0:32:27]} exd5
{[%clk 0:24:59]} 18. Bd3 {[%clk 0:32:34]} g6 {[%clk 0:24:45]} 19. Qf3
{[%clk 0:32:30]} Re8 {[%clk 0:19:45]} 20. Bb5 {[%clk 0:29:53]} Bf8
{[%clk 0:15:12]} 21. Rc1 {[%clk 0:22:15]} Re4 {[%clk 0:10:10]} 22. Qd1
{[%clk 0:20:15]} Bg7 {[%clk 0:07:39]} 23. Rc5 {[%clk 0:15:51]} Qe6
{[%clk 0:06:42]} 24. Bd3 {[%clk 0:06:39]} Rxe3 {[%clk 0:06:51]} 25. fxe3
{[%clk 0:07:04]} Qxe3+ {[%clk 0:07:15]} 26. Kh1 {[%clk 0:07:32]} Qxd4
{[%clk 0:07:00]} 27. Rc2 {[%clk 0:07:26]} Re8 {[%clk 0:06:34]} 28. Bb5
{[%clk 0:07:10]} Qxd1 {[%clk 0:03:50]} 29. Rxd1 {[%clk 0:07:36]} Re6
{[%clk 0:03:49]} 30. g3 {[%clk 0:06:26]} a6 {[%clk 0:03:26]} 31. Bxc6
{[%clk 0:06:11]} Rxc6 {[%clk 0:02:38]} 32. Rxc6 {[%clk 0:02:51]} bxc6
{[%clk 0:03:06]} 33. Rd2 {[%clk 0:02:56]} Bf8 {[%clk 0:01:45]} 34. Rd4
{[%clk 0:01:11]} a5 {[%clk 0:02:14]} 35. a3 {[%clk 0:01:34]} Bg7 {[%clk 0:02:13]}
36. Ra4 {[%clk 0:01:48]} Bxb2 {[%clk 0:02:27]} 37. Rxa5 {[%clk 0:02:13]} Kf8
{[%clk 0:00:38]} 38. a4 {[%clk 0:00:50]} Bd4 {[%clk 0:00:40]} 39. Ra6
{[%clk 0:00:36]} c5 1-0

[Event "Scandicserien-2015/16"]
[Site "Oslo"]
[Date "2016.03.06"]
[Round "9.3"]
[White "Flermoen, Peter"]
[Black "Ekeberg, Carl Fredrik"]
[Result "1/2-1/2"]
[BlackElo "2251"]
[WhiteElo "2250"]
[WhiteTeam "Trondheim"]
[BlackTeam "Asker"]
[LiveChessVersion "1.4.6"]

1. e4 {[%clk 1:13:56]} c6 {[%clk 1:30:46]} 2. d4 {[%clk 1:14:17]} d5
{[%clk 1:31:09]} 3. Nc3 {[%clk 1:14:41]} dxe4 {[%clk 1:31:31]} 4. Nxe4
{[%clk 1:15:07]} Nd7 {[%clk 1:31:51]} 5. Nf3 {[%clk 1:14:09]} Ngf6
{[%clk 1:31:29]} 6. Bd3 {[%clk 1:14:30]} Nxe4 {[%clk 1:30:00]} 7. Bxe4
{[%clk 1:14:52]} Nf6 {[%clk 1:28:11]} 8. Bd3 {[%clk 1:15:16]} Bg4
{[%clk 1:28:00]} 9. c3 {[%clk 1:15:39]} e6 {[%clk 1:26:37]} 10. Bf4
{[%clk 1:15:48]} Be7 {[%clk 1:20:52]} 11. h3 {[%clk 1:15:53]} Bxf3
{[%clk 1:20:43]} 12. Qxf3 {[%clk 1:16:15]} Qd5 {[%clk 1:10:35]} 13. Qxd5
{[%clk 1:14:33]} Nxd5 {[%clk 1:10:36]} 14. Bg3 {[%clk 1:14:53]} O-O
{[%clk 1:09:23]} 15. O-O {[%clk 1:15:15]} Rfd8 {[%clk 1:07:40]} 16. Rad1
{[%clk 1:15:30]} Rd7 {[%clk 1:03:02]} 17. Be2 {[%clk 1:15:03]} Rad8
{[%clk 0:58:11]} 18. Rd3 {[%clk 1:12:40]} Bd6 {[%clk 0:46:59]} 19. Bxd6
{[%clk 1:11:20]} Rxd6 {[%clk 0:47:24]} 20. g3 {[%clk 1:11:33]} g6
{[%clk 0:42:34]} 21. Rfd1 {[%clk 1:11:18]} 1/2-1/2

[Event "Scandicserien-2015/16"]
[Site "Oslo"]
[Date "2016.03.06"]
[Round "9.4"]
[White "Hammerstad, Asmund"]
[Black "Tofte, Sondre Waage"]
[Result "1-0"]
[BlackElo "2192"]
[WhiteElo "2223"]
[WhiteTeam "Asker"]
[BlackTeam "Trondheim"]
[LiveChessVersion "1.4.6"]

1. d4 {[%clk 1:30:53]} Nf6 {[%clk 1:30:50]} 2. c4 {[%clk 1:31:07]} e6
{[%clk 1:31:15]} 3. Nf3 {[%clk 1:31:11]} d5 {[%clk 1:28:25]} 4. Nc3
{[%clk 1:31:07]} Be7 {[%clk 1:26:29]} 5. Bf4 {[%clk 1:29:32]} O-O
{[%clk 1:25:07]} 6. a3 {[%clk 1:29:24]} c6 {[%clk 1:19:42]} 7. e3
{[%clk 1:25:49]} Nbd7 {[%clk 1:18:41]} 8. h3 {[%clk 1:22:23]} Ne4
{[%clk 1:13:14]} 9. Qc2 {[%clk 1:15:44]} f5 {[%clk 1:12:54]} 10. Bd3
{[%clk 1:13:18]} b6 {[%clk 1:04:32]} 11. cxd5 {[%clk 1:09:39]} cxd5
{[%clk 1:03:26]} 12. Nb5 {[%clk 1:06:39]} Ba6 {[%clk 0:53:35]} 13. Nc7
{[%clk 1:05:42]} Bxd3 {[%clk 0:40:01]} 14. Qxd3 {[%clk 1:06:06]} e5
{[%clk 0:40:25]} 15. Ne6 {[%clk 1:03:56]} Qc8 {[%clk 0:40:07]} 16. Nxf8
{[%clk 1:04:06]} exf4 {[%clk 0:40:27]} 17. Nxd7 {[%clk 1:04:21]} fxe3
{[%clk 0:40:49]} 18. Qxe3 {[%clk 0:56:47]} Qxd7 {[%clk 0:41:10]} 19. O-O
{[%clk 0:56:57]} g5 {[%clk 0:30:31]} 20. Ne5 {[%clk 0:52:22]} Qb5
{[%clk 0:30:45]} 21. Qc1 {[%clk 0:50:17]} Bf6 {[%clk 0:24:43]} 22. Qc6
{[%clk 0:44:29]} Qxc6 {[%clk 0:24:59]} 23. Nxc6 {[%clk 0:44:53]} Rc8
{[%clk 0:25:22]} 24. Rac1 {[%clk 0:42:52]} Rc7 {[%clk 0:25:27]} 25. Rfd1
{[%clk 0:35:33]} Kg7 {[%clk 0:22:27]} 26. Rc2 {[%clk 0:33:14]} Nd6
{[%clk 0:18:58]} 27. b3 {[%clk 0:32:01]} a5 {[%clk 0:16:55]} 28. a4
{[%clk 0:29:32]} f4 {[%clk 0:16:41]} 29. Kf1 {[%clk 0:26:39]} Nf5
{[%clk 0:15:12]} 30. Rdd2 {[%clk 0:23:52]} h5 {[%clk 0:13:21]} 31. b4
{[%clk 0:22:40]} axb4 {[%clk 0:09:53]} 32. Nxb4 {[%clk 0:23:00]} Rd7
{[%clk 0:10:18]} 33. Nc6 {[%clk 0:22:50]} Rd6 {[%clk 0:09:41]} 34. Ne5
{[%clk 0:22:42]} Nxd4 {[%clk 0:08:28]} 35. Rc7+ {[%clk 0:22:48]} Kg8
{[%clk 0:08:54]} 36. Nf7 {[%clk 0:21:50]} Ne6 {[%clk 0:03:51]} 37. Nxd6
{[%clk 0:14:38]} Nxc7 {[%clk 0:04:18]} 38. Nb5 {[%clk 0:15:03]} Nxb5
{[%clk 0:02:30]} 39. axb5 {[%clk 0:15:27]} Kf7 {[%clk 0:01:28]} 40. Rxd5
{[%clk 0:15:34]} Ke6 {[%clk 0:01:54]} 41. Rd1 {[%clk 0:15:50]} g4
{[%clk 0:20:45]} 42. f3 {[%clk 0:44:49]} gxh3 {[%clk 0:20:10]} 43. gxh3
{[%clk 0:44:57]} h4 {[%clk 0:19:04]} 44. Ke2 {[%clk 0:45:22]} Be7
{[%clk 0:17:57]} 45. Rd4 {[%clk 0:44:17]} Bd6 {[%clk 0:17:31]} 46. Kd3
{[%clk 0:44:32]} Be5 {[%clk 0:08:35]} 47. Rd8 {[%clk 0:44:52]} Bd6
{[%clk 0:07:23]} 48. Ke4 {[%clk 0:44:16]} Be7 {[%clk 0:06:28]} 49. Rb8
{[%clk 0:43:32]} Bc5 {[%clk 0:06:52]} 50. Rh8 {[%clk 0:43:57]} Bf2
{[%clk 0:07:00]} 51. Rh6+ {[%clk 0:44:20]} 1-0

[Event "Scandicserien-2015/16"]
[Site "Oslo"]
[Date "2016.03.06"]
[Round "9.5"]
[White "Madland, Kristoffer"]
[Black "Diesen, Bruce"]
[Result "1-0"]
[BlackElo "2161"]
[WhiteElo "2127"]
[WhiteTeam "Trondheim"]
[BlackTeam "Asker"]
[LiveChessVersion "1.4.6"]

1. e4 {[%clk 1:30:48]} c5 {[%clk 1:30:30]} 2. Nf3 {[%clk 1:31:10]} e6
{[%clk 1:30:44]} 3. d4 {[%clk 1:31:33]} cxd4 {[%clk 1:31:11]} 4. Nxd4
{[%clk 1:31:57]} a6 {[%clk 1:31:38]} 5. Nc3 {[%clk 1:30:24]} Qc7 {[%clk 1:31:33]}
6. g3 {[%clk 1:21:19]} Nf6 {[%clk 1:29:13]} 7. Bg2 {[%clk 1:21:06]} Nc6
{[%clk 1:28:26]} 8. O-O {[%clk 1:17:27]} d6 {[%clk 1:17:07]} 9. Be3
{[%clk 1:14:17]} Be7 {[%clk 1:15:00]} 10. Qe2 {[%clk 1:13:30]} Nxd4
{[%clk 1:07:04]} 11. Bxd4 {[%clk 1:13:39]} e5 {[%clk 1:07:05]} 12. Be3
{[%clk 1:13:22]} Be6 {[%clk 1:07:30]} 13. Nd5 {[%clk 1:10:43]} Bxd5
{[%clk 1:04:14]} 14. exd5 {[%clk 1:11:08]} Rc8 {[%clk 1:01:42]} 15. Rfc1
{[%clk 0:56:57]} O-O {[%clk 0:59:11]} 16. c4 {[%clk 0:55:43]} Nd7
{[%clk 0:53:42]} 17. b4 {[%clk 0:49:23]} f5 {[%clk 0:52:17]} 18. Rc2
{[%clk 0:46:40]} a5 {[%clk 0:40:10]} 19. a3 {[%clk 0:44:39]} Ra8 {[%clk 0:32:51]}
20. Rb1 {[%clk 0:40:39]} axb4 {[%clk 0:31:15]} 21. axb4 {[%clk 0:41:04]} Ra3
{[%clk 0:27:30]} 22. c5 {[%clk 0:36:22]} dxc5 {[%clk 0:24:26]} 23. bxc5
{[%clk 0:36:37]} Rxe3 {[%clk 0:10:25]} 24. Qxe3 {[%clk 0:36:04]} Nxc5
{[%clk 0:08:29]} 25. Qb3 {[%clk 0:29:06]} Qd6 {[%clk 0:04:25]} 26. Rxc5
{[%clk 0:28:14]} Qxc5 {[%clk 0:04:16]} 27. d6+ {[%clk 0:28:39]} Kh8
{[%clk 0:04:13]} 28. dxe7 {[%clk 0:28:58]} Qxe7 {[%clk 0:04:18]} 29. Qd5
{[%clk 0:28:13]} f4 {[%clk 0:03:52]} 30. Rxb7 {[%clk 0:26:55]} Qf6
{[%clk 0:04:08]} 31. Qc6 {[%clk 0:23:05]} Qd8 {[%clk 0:03:55]} 32. Qd7
{[%clk 0:22:49]} Qg5 {[%clk 0:04:06]} 33. Qe7 {[%clk 0:22:58]} 1-0

[Event "Scandicserien-2015/16"]
[Site "Oslo"]
[Date "2016.03.06"]
[Round "9.6"]
[White "Gunnesdal, Lars"]
[Black "Laverton, Christian"]
[Result "0-1"]
[BlackElo "2104"]
[WhiteElo "2102"]
[WhiteTeam "Asker"]
[BlackTeam "Trondheim"]
[LiveChessVersion "1.4.6"]

1. e4 {[%clk 1:30:56]} c5 {[%clk 1:30:51]} 2. Nf3 {[%clk 1:31:03]} e6
{[%clk 1:31:02]} 3. d4 {[%clk 1:31:15]} cxd4 {[%clk 1:31:19]} 4. Nxd4
{[%clk 1:31:43]} Nc6 {[%clk 1:31:07]} 5. Nc3 {[%clk 1:31:46]} Qc7
{[%clk 1:31:08]} 6. Be3 {[%clk 1:31:20]} a6 {[%clk 1:31:01]} 7. Qd2
{[%clk 1:30:06]} Nf6 {[%clk 1:30:15]} 8. f3 {[%clk 1:21:18]} b5 {[%clk 1:26:47]}
9. Nb3 {[%clk 1:16:59]} Be7 {[%clk 1:21:40]} 10. O-O-O {[%clk 1:05:38]} O-O
{[%clk 1:17:31]} 11. Kb1 {[%clk 1:03:29]} Rd8 {[%clk 1:12:44]} 12. Qf2
{[%clk 0:52:24]} Rb8 {[%clk 1:11:11]} 13. g4 {[%clk 0:48:19]} Ne5
{[%clk 1:03:46]} 14. Ka1 {[%clk 0:46:11]} d6 {[%clk 0:56:15]} 15. g5
{[%clk 0:43:08]} Nfd7 {[%clk 0:52:56]} 16. h4 {[%clk 0:37:31]} Bb7
{[%clk 0:47:42]} 17. h5 {[%clk 0:32:11]} b4 {[%clk 0:44:22]} 18. Nb1
{[%clk 0:29:14]} d5 {[%clk 0:37:47]} 19. Be2 {[%clk 0:18:20]} dxe4
{[%clk 0:32:12]} 20. f4 {[%clk 0:18:20]} Nf3 {[%clk 0:28:58]} 21. Bxf3
{[%clk 0:10:47]} exf3 {[%clk 0:29:15]} 22. Nd4 {[%clk 0:10:40]} Bd5
{[%clk 0:25:49]} 23. Nf5 {[%clk 0:05:28]} Bc5 {[%clk 0:21:34]} 24. g6
{[%clk 0:02:50]} fxg6 {[%clk 0:10:32]} 25. hxg6 {[%clk 0:02:37]} hxg6
{[%clk 0:07:12]} 26. Rxd5 exd5 27. Nxg7 {[%clk 0:00:41]} Kxg7 {[%clk 0:06:43]}
28. Bd4+ {[%clk 0:00:56]} Bxd4 {[%clk 0:06:15]} 29. Qxd4+ {[%clk 0:01:25]} Nf6
{[%clk 0:06:06]} 0-1

[Event "Scandicserien-2015/16"]
[Site "Oslo"]
[Date "2016.03.06"]
[Round "9.7"]
[White "Stokstad, Petter G."]
[Black "Turov, Maxim"]
[Result "0-1"]
[BlackElo "2609"]
[WhiteElo "2231"]
[WhiteTeam "Sotra"]
[BlackTeam "Tromsø"]
[LiveChessVersion "1.4.6"]

1. d4 {[%clk 1:30:57]} Nf6 {[%clk 1:30:57]} 2. c4 {[%clk 1:31:20]} g6
{[%clk 1:31:22]} 3. Nc3 {[%clk 1:31:38]} d5 {[%clk 1:31:48]} 4. Nf3
{[%clk 1:31:47]} Bg7 {[%clk 1:32:11]} 5. e3 {[%clk 1:31:32]} O-O {[%clk 1:32:33]}
6. Be2 {[%clk 1:31:58]} c5 {[%clk 1:31:24]} 7. O-O {[%clk 1:32:06]} cxd4
{[%clk 1:31:45]} 8. Nxd4 {[%clk 1:32:19]} dxc4 {[%clk 1:31:25]} 9. Bxc4
{[%clk 1:32:37]} a6 {[%clk 1:31:47]} 10. Qe2 {[%clk 1:23:25]} b5 {[%clk 1:29:50]}
11. Bb3 {[%clk 1:22:58]} Bb7 {[%clk 1:30:05]} 12. Rd1 {[%clk 1:23:13]} Nbd7
{[%clk 1:14:33]} 13. Nf3 {[%clk 1:21:33]} Qc7 {[%clk 1:07:05]} 14. Bd2
{[%clk 1:19:29]} Nc5 {[%clk 1:03:53]} 15. Bc2 {[%clk 1:18:46]} Ng4
{[%clk 0:59:01]} 16. h3 {[%clk 1:14:50]} Bxf3 {[%clk 0:57:47]} 17. Qxf3
{[%clk 1:15:14]} Qh2+ {[%clk 0:57:52]} 18. Kf1 {[%clk 1:15:38]} Ne5
{[%clk 0:58:09]} 19. Qd5 {[%clk 1:15:50]} Rac8 {[%clk 0:56:54]} 20. g3
{[%clk 1:13:53]} Qxh3+ {[%clk 0:52:35]} 21. Qg2 {[%clk 1:14:16]} Qxg2+
{[%clk 0:52:55]} 22. Kxg2 {[%clk 1:14:41]} Nc4 {[%clk 0:51:03]} 23. Rab1
{[%clk 1:15:01]} Nxd2 {[%clk 0:46:58]} 24. Rxd2 {[%clk 1:15:19]} Bxc3
{[%clk 0:46:51]} 25. bxc3 {[%clk 1:15:41]} Rfd8 {[%clk 0:47:15]} 26. Rbd1
{[%clk 1:10:14]} Rxd2 {[%clk 0:43:17]} 27. Rxd2 {[%clk 1:10:32]} Kf8
{[%clk 0:43:21]} 28. f4 {[%clk 1:10:20]} Nb7 {[%clk 0:40:51]} 29. e4
{[%clk 1:04:45]} Rxc3 {[%clk 0:40:57]} 30. e5 {[%clk 1:05:09]} Nc5
{[%clk 0:40:14]} 31. Kh3 {[%clk 1:03:48]} e6 {[%clk 0:40:08]} 32. Kh4
{[%clk 1:03:50]} Ke7 {[%clk 0:39:46]} 33. Re2 {[%clk 0:57:36]} h6
{[%clk 0:39:27]} 34. Rd2 {[%clk 0:56:24]} a5 {[%clk 0:39:47]} 35. Kg4
{[%clk 0:56:29]} a4 {[%clk 0:40:01]} 36. Bb1 {[%clk 0:55:48]} b4 {[%clk 0:38:54]}
37. Rd4 {[%clk 0:54:58]} b3 {[%clk 0:39:19]} 38. axb3 {[%clk 0:55:08]} axb3
{[%clk 0:39:43]} 39. Rb4 {[%clk 0:53:14]} Rc1 {[%clk 0:40:05]} 40. Bd3
{[%clk 0:14:28]} Nxd3 {[%clk 0:40:08]} 41. Rxb3 {[%clk 0:14:54]} Nc5
{[%clk 0:40:30]} 42. Ra3 {[%clk 0:15:05]} Kf8 {[%clk 0:40:42]} 43. Ra8+
{[%clk 0:13:50]} Kg7 {[%clk 0:41:05]} 44. Rd8 {[%clk 0:13:39]} Rc3
{[%clk 0:41:08]} 45. Rd4 {[%clk 0:14:03]} Re3 {[%clk 0:41:30]} 46. Rd2
{[%clk 0:12:33]} Rxg3+ {[%clk 0:41:37]} 47. Kh4 {[%clk 0:12:25]} Ne4
{[%clk 0:40:34]} 48. Re2 {[%clk 0:12:38]} g5+ {[%clk 0:40:49]} 49. fxg5
{[%clk 0:12:34]} hxg5+ {[%clk 0:41:12]} 50. Kh5 {[%clk 0:12:57]} Rh3+
{[%clk 0:40:08]} 0-1

[Event "Scandicserien-2015/16"]
[Site "Oslo"]
[Date "2016.03.06"]
[Round "9.8"]
[White "Royset, Pal"]
[Black "Sorensen, Kristian"]
[Result "1/2-1/2"]
[BlackElo "2110"]
[WhiteElo "2234"]
[WhiteTeam "Tromsø"]
[BlackTeam "Sotra"]
[LiveChessVersion "1.4.6"]

1. e4 c6 2. d4 d5 3. e5 Bf5 4. Nf3 e6 5. Be2 {[%clk 1:27:34]} Ne7
{[%clk 1:30:10]} 6. O-O {[%clk 1:24:04]} Nd7 {[%clk 1:29:52]} 7. Nbd2
{[%clk 1:20:02]} Bg6 {[%clk 1:28:58]} 8. Nb3 {[%clk 1:18:43]} Nf5
{[%clk 1:27:25]} 9. Bd2 {[%clk 1:17:33]} Be7 {[%clk 1:27:03]} 10. Rc1
{[%clk 1:08:44]} O-O {[%clk 1:23:26]} 11. c4 {[%clk 1:07:13]} dxc4
{[%clk 1:18:14]} 12. Rxc4 {[%clk 1:04:22]} Nb6 {[%clk 1:11:42]} 13. Rc1
{[%clk 1:00:58]} Bh5 {[%clk 1:08:17]} 14. Ba5 {[%clk 0:58:32]} Qc8
{[%clk 1:01:18]} 15. h3 {[%clk 0:57:43]} Nh4 {[%clk 0:52:20]} 16. Nfd2
{[%clk 0:54:31]} Bxe2 {[%clk 0:52:01]} 17. Qxe2 {[%clk 0:54:56]} Nd5
{[%clk 0:50:05]} 18. g3 {[%clk 0:51:26]} Nf5 {[%clk 0:49:46]} 19. Ne4
{[%clk 0:51:19]} b6 {[%clk 0:46:04]} 20. Bd2 {[%clk 0:51:11]} Qb7
{[%clk 0:45:51]} 21. g4 {[%clk 0:49:07]} Nh4 {[%clk 0:45:36]} 22. f4
{[%clk 0:47:37]} Qd7 {[%clk 0:41:16]} 23. Qd3 {[%clk 0:40:43]} f5
{[%clk 0:37:03]} 24. exf6 {[%clk 0:40:12]} Nxf6 {[%clk 0:34:27]} 25. Rfe1
{[%clk 0:36:23]} Qd5 {[%clk 0:32:28]} 26. Re2 {[%clk 0:31:49]} Rae8
{[%clk 0:26:17]} 27. Nxf6+ {[%clk 0:24:35]} Bxf6 {[%clk 0:24:14]} 28. Qe4
{[%clk 0:19:26]} Nf3+ {[%clk 0:23:52]} 29. Kg2 {[%clk 0:19:08]} Nxd4
{[%clk 0:21:20]} 30. Nxd4 {[%clk 0:18:45]} Bxd4 {[%clk 0:20:40]} 31. Rxc6
{[%clk 0:18:24]} Qxe4+ {[%clk 0:18:44]} 32. Rxe4 {[%clk 0:18:46]} Bxb2
{[%clk 0:19:09]} 33. Rexe6 {[%clk 0:14:36]} Rxe6 {[%clk 0:17:41]} 34. Rxe6
{[%clk 0:14:53]} Rd8 {[%clk 0:16:56]} 35. Be3 {[%clk 0:13:52]} Bd4
{[%clk 0:16:33]} 36. Kf3 {[%clk 0:12:59]} Bxe3 {[%clk 0:16:28]} 37. Kxe3
{[%clk 0:13:18]} Rd5 {[%clk 0:16:10]} 38. Rc6 {[%clk 0:11:29]} Ra5
{[%clk 0:16:00]} 39. Rc2 {[%clk 0:11:06]} Ra4 {[%clk 0:08:27]} 40. Kf3
{[%clk 0:09:46]} Ra3+ {[%clk 0:06:17]} 41. Ke4 {[%clk 0:09:30]} h6
{[%clk 0:05:54]} 42. Kf5 {[%clk 0:06:46]} Kh7 {[%clk 0:03:17]} 43. h4
{[%clk 0:21:52]} Ra5+ {[%clk 0:32:39]} 44. Ke6 {[%clk 0:21:47]} Ra4
{[%clk 0:32:49]} 45. Rf2 {[%clk 0:17:43]} Rc4 {[%clk 0:31:57]} 46. h5
{[%clk 0:16:36]} b5 {[%clk 0:26:27]} 47. Kf5 {[%clk 0:15:03]} 1/2-1/2

[Event "Scandicserien-2015/16"]
[Site "Oslo"]
[Date "2016.03.06"]
[Round "9.9"]
[White "Glenne, Bjorn Erik"]
[Black "Kaasen, Tor Fredrik"]
[Result "1/2-1/2"]
[BlackElo "2080"]
[WhiteElo "2151"]
[WhiteTeam "Sotra"]
[BlackTeam "Tromsø"]
[LiveChessVersion "1.4.6"]

1. d4 Nf6 {[%clk 1:30:29]} 2. c4 {[%clk 1:12:25]} g6 {[%clk 1:30:53]} 3. Nc3
{[%clk 1:12:52]} Bg7 {[%clk 1:31:17]} 4. e4 {[%clk 1:13:18]} d6 {[%clk 1:31:42]}
5. f4 {[%clk 1:12:40]} c5 {[%clk 1:31:40]} 6. Nf3 {[%clk 1:13:02]} cxd4
{[%clk 1:31:48]} 7. Nxd4 {[%clk 1:13:26]} Nc6 {[%clk 1:32:09]} 8. Nc2
{[%clk 1:13:30]} O-O {[%clk 1:32:08]} 9. Be2 {[%clk 1:13:38]} Nd7
{[%clk 1:32:22]} 10. Be3 {[%clk 1:13:14]} Nc5 {[%clk 1:31:57]} 11. Bf3
{[%clk 1:08:16]} Be6 {[%clk 1:31:02]} 12. Nd5 {[%clk 1:07:47]} Bxb2
{[%clk 1:24:35]} 13. Rb1 {[%clk 1:08:10]} Qa5+ {[%clk 1:22:56]} 14. Kf2
{[%clk 1:08:29]} Qxa2 {[%clk 1:19:32]} 15. Qe2 {[%clk 1:00:30]} Bg7
{[%clk 1:16:27]} 16. Bxc5 {[%clk 0:57:45]} dxc5 {[%clk 1:16:48]} 17. e5
{[%clk 0:58:10]} Bf5 {[%clk 1:12:19]} 18. Nde3 {[%clk 0:56:37]} Nd4
{[%clk 1:08:38]} 19. Nxd4 {[%clk 0:53:45]} Bxb1 {[%clk 1:09:02]} 20. Qxa2
{[%clk 0:54:06]} Bxa2 {[%clk 1:09:27]} 21. Nb5 {[%clk 0:54:31]} Rfd8
{[%clk 1:07:55]} 22. Ke2 {[%clk 0:54:37]} Bb3 {[%clk 1:05:02]} 23. Ra1
{[%clk 0:54:54]} a5 {[%clk 1:00:08]} 24. Nc7 {[%clk 0:50:58]} Rac8
{[%clk 0:58:34]} 25. Ncd5 {[%clk 0:51:10]} Rb8 {[%clk 0:48:57]} 26. Rxa5
{[%clk 0:48:56]} Ra8 {[%clk 0:48:33]} 27. Rxc5 {[%clk 0:45:46]} Ra2+
{[%clk 0:48:44]} 28. Kd3 {[%clk 0:45:50]} e6 {[%clk 0:49:02]} 29. Rc8
{[%clk 0:46:16]} Rxc8 {[%clk 0:44:48]} 30. Ne7+ {[%clk 0:46:41]} Kf8
{[%clk 0:45:09]} 31. Nxc8 {[%clk 0:47:07]} Bh6 {[%clk 0:44:55]} 32. g3
{[%clk 0:45:54]} Rxh2 {[%clk 0:44:30]} 33. Bxb7 {[%clk 0:34:38]} Rh3
{[%clk 0:40:09]} 34. c5 {[%clk 0:34:47]} Rxg3 {[%clk 0:38:52]} 35. Ke4
{[%clk 0:35:09]} Ba2 {[%clk 0:37:57]} 36. c6 {[%clk 0:34:24]} Bb1+
{[%clk 0:38:14]} 37. Kd4 {[%clk 0:34:45]} Bxf4 {[%clk 0:35:57]} 38. Nc4
{[%clk 0:35:03]} Ke8 {[%clk 0:17:41]} 39. N8b6 {[%clk 0:30:16]} Rd3+
{[%clk 0:16:48]} 40. Kc5 {[%clk 0:30:34]} Kd8 {[%clk 0:06:54]} 41. Na8
{[%clk 0:30:32]} Rd7 {[%clk 0:06:45]} 42. cxd7 {[%clk 0:28:15]} Kxd7
{[%clk 0:07:13]} 43. Nab6+ {[%clk 0:28:06]} Ke7 {[%clk 0:07:12]} 44. Kd4
{[%clk 0:28:11]} h5 {[%clk 0:06:12]} 45. Bf3 {[%clk 0:26:00]} f6 {[%clk 0:04:51]}
46. Nc8+ {[%clk 0:25:13]} Kd8 {[%clk 0:04:39]} 47. N8d6 {[%clk 0:24:10]} Ke7
{[%clk 0:03:16]} 48. exf6+ {[%clk 0:24:27]} Kxf6 {[%clk 0:03:37]} 49. Ne4+
{[%clk 0:24:39]} Bxe4 {[%clk 0:02:52]} 50. Kxe4 {[%clk 0:24:58]} Bb8 1/2-1/2